| 000 | 01514nam0a2200349 4500 | ||
|---|---|---|---|
| 001 | RU\NLR\bibl\871809 | ||
| 005 | 20250614162304.0 | ||
| 010 |
_a5-17-030944-9 _bООО "Изд-во АСТ" |
||
| 010 |
_a5-9578-1763-5 _bООО "Транзиткнига" _910000 |
||
| 021 |
_aRU _b2005-42871 _92116 |
||
| 035 | _a(nilc)RSL-KNO-002684000 | ||
| 035 | _a(NLR Aleph) 000860424 | ||
| 090 |
_a1536378 _c1536378 |
||
| 100 | _a20050630d2005 |||y0rusy50 ca | ||
| 101 | 1 |
_arus _ceng |
|
| 102 | _aRU | ||
| 105 | _ay ||||||||| | ||
| 106 | _ar | ||
| 200 | 1 |
_aЦена наслаждения _eроман _fКресли Коул _g[пер. с англ. С. Б. Шестерневой] |
|
| 210 |
_aМ. _cАСТ _cТранзиткнига _d2005 _eЭлектросталь _gКниж. ф-ка N° 1 |
||
| 215 |
_a316, [1] с. _d21 |
||
| 225 | 1 | _aСерия "Шарм" | |
| 610 | 0 | _aФилологические науки. Художественная литература -- США -- Американская литература -- с 1945 г. -- Произведения художественной литературы -- Художественная проза -- Романы. Повести. Рассказы | |
| 686 |
_aШ5(7США)62-644 _2rubbk |
||
| 686 | _aШ6(7США)67-440.4{Лх1979-50} | ||
| 700 | 1 |
_aКоул _bК. _gКресли _4070 |
|
| 801 | 0 |
_aRU _bRuMoRKP _c20050630 _grcr |
|
| 801 | 1 |
_aRU _bRuMoRGB _c20050630 |
|
| 801 | 2 |
_aRU _bNLR _c20051114 _grcr |
|
| 942 | _cBOOK | ||
| 980 | _aNB | ||